[Event "34th Cannes Open 2020"]
[Site "Cannes"]
[Date "2020.02.21"]
[Round "7.6"]
[White "Vogt, Lothar"]
[Black "Antal, Gergely"]
[Result "0-1"]
[WhiteElo "2347"]
[BlackElo "2562"]
[Annotator "TA"]
[PlyCount "68"]
[EventDate "2020.02.17"]
[EventType "swiss"]
[EventCountry "FRA"]
[SourceTitle "playchess.com"]
[Source "ChessBase"]
[SourceQuality "1"]

{[%evp 25,68,-18,-22,-25,-23,-24,-35,-24,-13,-18,-12,-13,-14,-10,-14,-27,-12,-23,0,0,0,-6,-5,-25,0,-90,-110,-147,-78,-71,-56,-69,0,0,0,0,0,-491,-426,-316,-216,-721,-440,-954,-830]} 1. e4 c5 2. c3 d5 3. exd5 Qxd5 4. d4 Nc6 5. Nf3 Bg4 6. Be2 cxd4 7. cxd4 e6 8. O-O Nf6 9. Nc3 Qa5 10. h3 Bh5 11. a3 Bd6 12. Be3 O-O 13. b4 Qd8 14. Qb3 {B22: Sicilian: 2 c3.} a5 $5 {[%mdl 4] An interesting side line.} 15. b5 Ne7 16. Bg5 {Black is slightly better.} Rc8 17. Rac1 Bb8 {[#]} 18. Rfd1 $146 ({Predecessor:} 18. Bxf6 gxf6 19. Ne4 Nd5 20. Bc4 Bf4 21. Rc2 a4 22. Qxa4 Bxf3 23. gxf3 Nb6 24. Qb3 Qxd4 25. Bd3 f5 26. Nd2 Rxc2 27. Qxc2 Rc8 {0-1 (27) Guaimare,C (1214)-Bilsel,S (1939) LSS email 2011}) 18... Qd6 19. Bxf6 gxf6 20. g3 {And now Ne4 would win.} f5 21. Kg2 Rc7 22. Ng1 Bxe2 23. Ngxe2 Rfc8 24. Nf4 Ng6 25. Nxg6 (25. Nh5 $11 {remains equal.}) 25... hxg6 $17 26. d5 exd5 (26... e5 $142 $1 {White must now prevent ...a4!} 27. b6 a4 $1 {[%mdl 512]}) 27. Rxd5 {[#]} Qe6 $1 $36 {[%mdl 2048] Black is more active.} 28. Qd1 Rxc3 (28... Rc4 $15) 29. Rxc3 $11 Rxc3 30. Rd8+ {[%mdl 64] Double Attack} Kh7 31. Rxb8 $4 {[%mdl 8192]} (31. Qd4 $11 {and White has nothing to worry.} Qe4+ 32. Qxe4 fxe4 33. Rxb8) 31... Qe4+ $19 32. Kg1 Rxa3 {...f4 is the strong threat.} 33. Qf1 $2 (33. Rd8) 33... Rb3 34. Kh2 (34. Rc8 $142 a4 35. Rc4) 34... Rb1 {Accuracy: White = 64%, Black = 58%.} 0-1

[Event "34th Cannes Open 2020"]
[Site "Cannes"]
[Date "2020.02.22"]
[Round "8.1"]
[White "Fier, Alexandr"]
[Black "Zeng, Chongsheng"]
[Result "1/2-1/2"]
[WhiteElo "2539"]
[BlackElo "2567"]
[Annotator "TA"]
[PlyCount "74"]
[EventDate "2020.02.17"]
[EventType "swiss"]
[EventCountry "FRA"]
[SourceTitle "playchess.com"]
[Source "ChessBase"]
[SourceQuality "1"]

{[%evp 9,74,0,-6,-19,-16,-14,-6,-14,0,0,0,-2,0,-6,0,0,0,0,0,0,0,0,34,10,10,0,11,13,14,11,49,46,90,83,99,92,121,114,108,77,119,44,112,112,129,61,87,64,95,94,87,91,82,1,41,0,0,0,12,20,22,-41,-47,-154,-166,-154,-139]} 1. c4 e6 2. Nf3 d5 3. b3 Nf6 4. g3 d4 5. Bg2 c5 6. e3 {A13: English Opening: 1...e6.} Nc6 7. exd4 cxd4 8. O-O {The position is equal.} Bd6 9. Re1 O-O 10. Ba3 Re8 11. d3 e5 12. Bxd6 Qxd6 13. a3 a5 14. Nbd2 Bf5 15. Qc2 {[#]} Rac8 $146 ({Predecessor:} 15... h6 16. Nh4 Bh7 17. Ne4 Nxe4 18. Bxe4 Qd7 19. Bxh7+ Kxh7 20. Rab1 f5 21. Re2 e4 {0-1 (56) Harsha,B (2332)-Sivuk,V (2491) Mumbai 2015}) 16. Ng5 b6 17. Nge4 Nxe4 18. Nxe4 Qe7 19. Qb2 Bd7 20. Rab1 Nd8 21. f4 exf4 22. Qxd4 {Hoping for Nd6.} fxg3 23. hxg3 {And now Nd6 would win.} (23. Nxg3 $6 Ne6 $14) 23... Ne6 24. Qxb6 {d4 is the strong threat.} Bc6 25. Qxa5 ({White should try} 25. b4 $1 $16) 25... Bxe4 (25... Red8 $14) 26. Bxe4 Qd6 27. Kg2 (27. Re3 $1 $16) 27... Rc5 $1 $14 {[%cal Rc5a5]} 28. Qa4 Rec8 29. Re3 h5 30. Rf1 {Black must now prevent Bf5.} Qd4 31. Re2 (31. Ref3 $1 $16 {[%cal Rf3f7]} Ng5 32. Rf4 Nxe4 33. Rxe4 (33. dxe4 Rg5 $16) 33... Qxd3 34. Re8+ Kh7 35. Rf3 Qd2+ 36. Rf2) 31... Rg5 $1 $11 {Strongly threatening ...h4.} 32. Qa6 Rd8 33. Rf5 h4 34. Rxg5 Nxg5 35. Qc6 ({Don't blunder} 35. gxh4 $2 Nxe4 36. dxe4 Qd3 $1 $19 {[%mdl 512]}) (35. Qb5 $11 Nxe4 36. Rxe4 {[%mdl 64] Double Attack} Qxd3 37. Re8+ (37. Rxh4 {leads to mate.} Qe2+ 38. Kh3 Qf1+ 39. Kg4 Rd4+ 40. Kh5 Qf3+ {[%mdl 64] Double Attack} 41. g4 Qf6 42. Qb8+ Kh7 43. Qg8+ Kxg8 44. Rh3 Qh6#) 37... Rxe8 38. Qxe8+ Kh7 39. gxh4) 35... hxg3 $15 {Threatens to win with ...g6.} 36. Kxg3 {[#]} ({Better is} 36. Qb7 $1 $15) 36... Qg1+ $1 $17 ({Inferior is} 36... Qe5+ 37. Kg2 $11) 37. Rg2 {[#]} Qe3+ $1 {Accuracy: White = 73%, Black = 79%.} 1/2-1/2

[Event "34th Cannes Open 2020"]
[Site "Cannes"]
[Date "2020.02.22"]
[Round "8.2"]
[White "Barseghyan, Harutyun"]
[Black "Lamard, Guillaume"]
[Result "1/2-1/2"]
[WhiteElo "2448"]
[BlackElo "2472"]
[Annotator "TA"]
[PlyCount "64"]
[EventDate "2020.02.17"]
[EventType "swiss"]
[EventCountry "FRA"]
[SourceTitle "playchess.com"]
[Source "ChessBase"]
[SourceQuality "1"]

{[%evp 21,64,32,62,38,57,41,42,39,47,48,47,45,49,50,58,52,77,79,89,50,52,54,53,43,49,48,99,85,106,80,91,109,112,67,72,65,80,82,137,138,157,157,146,141,145]} 1. d4 Nf6 2. c4 c5 3. d5 g6 4. Nc3 Bg7 5. e4 d6 6. Bd3 O-O 7. Nf3 e6 8. O-O exd5 9. exd5 Bg4 10. h3 Bxf3 11. Qxf3 Nfd7 12. Qd1 {E90: King's Indian: Classical: Early deviations and 6 h3.} Na6 13. Bd2 Nc7 14. Qc2 {[#] White is slightly better.} Rb8 $146 ({Predecessor:} 14... Re8 15. Rae1 a6 16. Ne4 Ne5 17. Be2 b5 18. b3 f5 19. Bg5 Qd7 20. Nf6+ Bxf6 21. Bxf6 {1-0 (34) Komarov,D (2595)-Velimirovic,D (2510) Niksic 1996}) 15. Rae1 a6 16. a4 b6 17. g3 Ne5 18. Be2 Re8 19. Kg2 Nd7 20. f4 b5 21. b3 {[%cal Bb2b3,Bb3c4][%mdl 32]} bxc4 22. bxc4 Rb4 23. a5 Na8 (23... Bd4 $14) 24. Bd3 Rf8 25. Ra1 Qc7 26. Ra2 Rfb8 27. g4 Qd8 28. g5 Nc7 29. h4 f5 (29... Qc8 $142) 30. h5 $16 {White is clearly better.} Qf8 31. h6 Bd4 32. Re1 Qf7 {Accuracy: White = 85%, Black = 86%.} 1/2-1/2

[Event "34th Cannes Open 2020"]
[Site "Cannes"]
[Date "2020.02.22"]
[Round "8.3"]
[White "Gukesh D"]
[Black "Di Nicolantonio, Lucas"]
[Result "1-0"]
[WhiteElo "2542"]
[BlackElo "2417"]
[Annotator "TA"]
[PlyCount "143"]
[EventDate "2020.02.17"]
[EventType "swiss"]
[EventCountry "FRA"]
[SourceTitle "playchess.com"]
[Source "ChessBase"]
[SourceQuality "1"]

{[%evp 9,143,24,23,23,29,27,27,20,31,15,31,12,16,1,8,11,11,5,22,-13,7,0,29,-3,3,10,56,54,47,47,47,35,46,36,44,30,83,51,42,29,41,0,0,0,19,0,0,0,0,0,0,0,31,0,18,0,11,0,0,-26,116,0,204,203,193,139,129,128,135,122,115,87,279,281,281,294,270,278,271,281,365,365,365,297,365,362,422,402,432,420,29959,29959,29956,29959,1816,364,29953,29963,29961,29964,29961,29965,29976,29977,29977,29978,29978,29980,29981,29982,29982,29981,29980,29982,29982,29983,29983,29979,29981,29982,29982,29981,29983,29984,29984,29985,29985,29986,29986,29987,29987,29988,29989,29990,29992,29993]} 1. Nf3 d5 2. g3 Nd7 3. d4 Nb6 4. b3 Bf5 5. Bg2 e6 6. O-O {D02: 1 d4 d5 2 Nf3 sidelines, including 2...Nf6 3 g3 and 2...Nf6 3 Bf4.} c6 7. Nbd2 Be7 8. c4 {White has an edge.} Nf6 9. Bb2 O-O 10. Rc1 Ne4 11. Ne5 Nxd2 12. Qxd2 Nd7 13. Nd3 a5 14. c5 Bg5 15. e3 Bf6 16. h3 Bxd3 17. Qxd3 e5 18. e4 $1 dxe4 19. Bxe4 exd4 20. Bxh7+ Kh8 21. Be4 Re8 $1 22. Rfe1 Re6 (22... Kg8 $11) 23. Kf1 Nf8 24. Qf3 Re5 25. Kg2 Kg8 26. Bd3 Qe7 27. Rxe5 Qxe5 28. Kf1 Rd8 29. Ba3 Ne6 30. Re1 Qg5 31. Qe4 (31. h4 $5 {[%cal Rh4g5]} Qd2 32. Re2 Qd1+ 33. Kg2 $14) 31... Nf8 32. Re2 Rd5 33. h4 Qh5 34. Qf4 Be5 (34... Ne6 $11 35. Qb8+ {[%mdl 64] Double Attack} Rd8 36. Qxb7 Qf3) 35. Qd2 (35. Qg5 $1 $16 {[%cal Rg5h5]} Qxg5 36. hxg5) 35... Bxg3 $2 (35... Ne6 $11 {and Black has nothing to worry.}) 36. fxg3 $18 {Black must now prevent Qf4.} Qf3+ 37. Kg1 (37. Ke1 $18) 37... Qxg3+ $16 38. Rg2 Qxh4 {[#]} 39. Qf2 $1 {[%cal Rf2h4]} ({Weaker is} 39. Qxa5 Rh5 $17) 39... Qh5 40. Bc4 $40 {[%mdl 128] Black is in trouble.} Rf5 $2 {A mistake that costs the game.} (40... Rd7 $16) 41. Qxd4 $18 {[%csl Gg2][%cal Rd4g7]} Rg5 42. Bb2 {Intending Qxg7+! and mate.} Rxg2+ 43. Kxg2 {[%csl Gb2][%cal Rd4g7]} Qg5+ 44. Kf3 Ne6 45. Bxe6 fxe6 {[#]} 46. Qg4 $1 Qh6 47. Be5 a4 48. b4 Kh7 49. Ke2 g5 (49... Kg8 $18 50. Bd4 Kf7 51. Qf3+ Ke8) 50. Qe4+ Kg8 51. Qd3 Qh5+ 52. Kf2 $2 (52. Kd2 {Strongly threatening Qd8+.} Qf7 53. Ke3) 52... Qf7+ $2 (52... Qh4+ $18 53. Bg3 Qh5) 53. Kg3 {White mates.} Qf5 {[#]} 54. Qxf5 $1 exf5 {[%mdl 4096] Endgame KB-KP} 55. Bf6 Kf7 56. Bxg5 Ke6 57. Kf4 Kd5 58. Kxf5 {KB-K3P} Kc4 59. Ke6 Kxb4 60. Kd6 Kb5 61. Be3 Ka6 62. Kc7 Ka7 63. Bd4 a3 64. Be3 Ka8 65. Kb6 Kb8 66. Bc1 Ka8 67. Bxa3 Kb8 68. Bc1 Ka8 69. a4 {[%cal Ba2a4,Ba4a5,Ba5a6][%mdl 32]} Kb8 70. a5 Ka8 71. a6 Kb8 72. Bf4+ {Accuracy: White = 80%, Black = 68%.} 1-0

[Event "34th Cannes Open 2020"]
[Site "Cannes"]
[Date "2020.02.22"]
[Round "8.4"]
[White "Antal, Gergely"]
[Black "Degraeve, Remy"]
[Result "1-0"]
[WhiteElo "2562"]
[BlackElo "2292"]
[Annotator "TA"]
[PlyCount "65"]
[EventDate "2020.02.17"]
[EventType "swiss"]
[EventCountry "FRA"]
[SourceTitle "playchess.com"]
[Source "ChessBase"]
[SourceQuality "1"]

{[%evp 18,65,41,43,65,30,32,27,44,32,43,28,25,18,20,25,40,12,31,31,33,8,36,43,31,41,119,125,136,129,137,123,121,124,183,178,389,387,348,351,427,426,597,598,601,562,571,566,552,557]} 1. e4 c5 2. Nf3 g6 3. d4 cxd4 4. Nxd4 Nc6 5. c4 Nf6 6. Nc3 d6 7. Be2 Nxd4 8. Qxd4 Bg7 9. Be3 O-O 10. Qd2 a5 {B36: Sicilian: Maroczy Bind: Gurgenidze System.} 11. f3 a4 12. Rc1 Qa5 {White has an edge.} 13. Kf2 Be6 14. Nd5 Bxd5 15. Qxa5 Rxa5 16. cxd5 e6 $1 17. Bf4 {[#]} exd5 $146 ({Predecessor:} 17... Ne8 18. Bd2 Bd4+ 19. Kg3 Rc5 20. Rxc5 dxc5 21. Bc3 Nd6 22. Bxd4 cxd4 23. Rc1 exd5 24. exd5 {0-1 (40) Ng,G (2272)-Moon,B (2317) Charlotte 2018}) 18. Bxd6 Re8 19. Bc7 Raa8 (19... b6 $5) 20. e5 $36 {[%mdl 2048] White is pushing.} Nh5 21. Bb5 Re6 (21... Bh6 $1 $14) 22. Rhe1 $16 Bh6 23. Rcd1 a3 24. b3 Rc8 25. Bd6 Nf4 {[#]} (25... Bf8 $16) 26. Kf1 $1 $18 Rc2 $2 {[#]} (26... Rd8 27. g3 (27. Bxa3 Ra8 $18) 27... Nh5 28. Bxa3 (28. Rxd5 Bf8 $16) 28... Ng7) 27. Rc1 $1 {[%cal Rc1c2]} Rxc1 28. Rxc1 {aiming for Rc8+.} Kg7 29. Rc8 {White wants to mate with Bf8+.White is clearly winning.} g5 (29... Rxd6 $142 30. exd6 Ne6) 30. Bd7 d4 31. Bxe6 Nxe6 32. g3 d3 33. Rc3 {Accuracy: White = 89%, Black = 65%.} 1-0

[Event "34th Cannes Open 2020"]
[Site "Cannes"]
[Date "2020.02.22"]
[Round "8.5"]
[White "Harshavardhan G B"]
[Black "Nasuta, Grzegorz"]
[Result "0-1"]
[WhiteElo "2377"]
[BlackElo "2561"]
[Annotator "TA"]
[PlyCount "138"]
[EventDate "2020.02.17"]
[EventType "swiss"]
[EventCountry "FRA"]
[SourceTitle "playchess.com"]
[Source "ChessBase"]
[SourceQuality "1"]

{[%evp 20,138,22,2,15,-4,18,-8,6,3,34,10,34,35,54,45,51,35,39,49,58,61,79,43,44,39,31,-119,-114,-118,-114,-109,-110,-109,-109,-445,-443,-436,-433,-422,-386,-515,-268,-248,-252,-256,-245,-577,-573,-573,-573,-628,-612,-552,-559,-854,-134,-142,0,-801,0,-512,-237,-228,-47,-52,-28,-58,-66,-141,-134,-137,-24,-33,-16,-48,-49,-191,-203,-373,-372,-359,-254,-237,-226,-493,-481,-482,-475,-438,-437,-466,-349,-393,-253,-1183,-1166,-1309,-750,-570,-297,-306,-16,-16,-13,-4133,-3467,-2194,-2010,-1937,-1696,-302,-256,-29973,-29973,-29971,-29967,-29984,-29984,-29990,-29991]} 1. d4 Nf6 2. c4 c5 3. d5 g6 4. Nc3 Bg7 5. e4 d6 6. Bd3 e6 7. Nge2 O-O 8. O-O exd5 9. cxd5 Nbd7 10. Bg5 a6 11. a4 Re8 {A65: Modern Benoni: 6 e4.} 12. Kh1 Qc7 13. f4 c4 {The position is equal.} 14. Bc2 Ng4 15. Qc1 Qb6 16. Bh4 Nc5 17. a5 Qa7 18. Qd2 Nb3 19. Bxb3 $1 cxb3 20. Rf3 f5 21. exf5 (21. e5 $5) 21... Bxf5 22. h3 Ne3 23. g4 (23. Bf2 $14 {keeps the upper hand.} Nc4 24. Qc1) 23... Nc4 $1 $17 {[%cal Rc4d2]} 24. Qc1 {[#]} Rxe2 $1 {[%mdl 512]} 25. gxf5 (25. Nxe2 $2 Be4 $19) 25... Nd2 $1 (25... Rxb2 $6 26. f6 $15) 26. Rd3 Bxc3 $1 $40 {[%mdl 192] Overworked Piece. White is in trouble.} 27. Rxc3 $4 {[%mdl 8192] [#]} (27. fxg6 $17 {was the crucial defense.} hxg6 28. Qxc3) 27... Qd4 $1 $19 {[%cal Rd4d5][%mdl 512]} 28. Rc8+ Re8 29. Rxa8 Rxa8 30. fxg6 Qxd5+ 31. Kh2 hxg6 ({Resist} 31... Nf3+ 32. Kg3) 32. Qd1 Re8 {Threatens to win with ...Qd3.} 33. Qg4 $2 (33. Bf2) 33... Nf3+ 34. Kg3 Qd3 $1 {( -> ...Ne5+)} (34... Nxh4 35. Kxh4 Kf7 36. Rd1 $17) 35. Rd1 Nd2+ ({Weaker is} 35... Qxd1 36. Qxg6+ Kf8 37. Qh6+ Kg8 38. Qg6+ Kf8 39. Qh6+ Kg8 40. Qg6+ $11) 36. Kg2 Qe4+ 37. Kg3 {White hopes to continue with f5.} Qe3+ $2 (37... Qc2 $19 {and Black stays clearly on top.} 38. Rxd2 Re3+ {[%mdl 64] Zwischenzug} 39. Kg2 Qxd2+ {[%mdl 64] Double Attack} 40. Bf2 Re7) 38. Kg2 $17 Qe4+ $2 {[%mdl 8192]} (38... Qd3 $17 39. Bf2 Re2) 39. Kg3 $1 $19 {Now f5 and White clings on.} Qd3+ $2 (39... Qc2 $19 {White must now prevent ...Ne4+.} 40. Rxd2 Re3+ {[%mdl 64] Zwischenzug} 41. Kg2 Qxd2+ {[%mdl 64] Double Attack} 42. Bf2 Re7) 40. Kf2 $2 {[%mdl 8192]} (40. Kg2 $11) 40... Qc2 (40... Kf8 $142 {Hoping for ...Qe3+.} 41. Re1 Qd4+ 42. Kg2 Qd5+ 43. Kf2 Qc5+ 44. Kg2 Qc6+ 45. Kf2 Rxe1 {[%mdl 64] Overworked Piece} 46. Kxe1 Nf3+ 47. Kf2 Nd4) 41. Kg1 Nc4 $2 (41... Kf8 $1 $19 {And now ...Re3 would win.} 42. Bf2 Re4) 42. Re1 $1 $15 {[%cal Re1e8]} Rxe1+ 43. Bxe1 Qf5 44. Qf3 (44. Qh4 $1 $15) 44... Qe6 $1 $17 {[%cal Re6e1]} ({Reject} 44... Nxa5 $6 45. Bxa5 Qxa5 46. Qxb3+ Kg7 47. Qxb7+ Kf6 48. Kf2 $11) 45. Bc3 Qe3+ (45... d5 $17 46. Kf2 b5 47. axb6 Qxb6+ 48. Kf1 Qe6) 46. Kg2 $1 $11 {Strongly threatening Qd5+.} Qxf3+ 47. Kxf3 $15 {[%mdl 4096] Endgame KB-KN} Kf7 48. Ke4 (48. Kg4 $15) 48... Ke6 $19 49. Kd4 $2 {[#]} (49. f5+ {might work better.} gxf5+ 50. Kf3) 49... b5 $1 50. axb6 Nxb6 51. Bd2 Na4 52. Bc1 $2 (52. Kc4 {only move.} Nxb2+ 53. Kxb3) 52... Kf5 53. Kc4 Nc5 54. Bd2 Ke4 55. h4 Kf5 56. Kd5 Kg4 57. Bb4 $2 (57. Bc3) 57... Kxh4 58. Kxd6 Nd3 $1 {[%csl LRb2,LRb4,LRf4]} 59. Bc3 Kg4 60. Kd5 {intending Kc4.} Kxf4 $2 ({Black should play} 60... Nxf4+ $19 61. Kc4 Kf3) 61. Kc4 $11 Ke4 {aiming for ...g5.} 62. Kxb3 $2 {[%mdl 8192]} (62. Bf6 $11) 62... g5 $19 63. Bf6 g4 64. Bh4 {[#]} Kf3 $1 65. Kc3 Nf4 66. Kb4 $2 (66. Kd2 $19) 66... Ng2 {Black mates.} 67. Bf6 g3 68. Ka5 Ne3 69. Be5 Nc4+ {[%mdl 64] Double Attack. Accuracy: White = 42%, Black = 70%.} 0-1

[Event "34th Cannes Open 2020"]
[Site "Cannes"]
[Date "2020.02.22"]
[Round "8.6"]
[White "Maurizzi, Marc Andria"]
[Black "Rakotomaharo, Fy Antenaina"]
[Result "1/2-1/2"]
[WhiteElo "2432"]
[BlackElo "2430"]
[Annotator "ChessBase"]
[PlyCount "94"]
[EventDate "2020.02.17"]
[EventType "swiss"]
[EventCountry "FRA"]
[SourceTitle "playchess.com"]
[Source "ChessBase"]
[SourceQuality "1"]
[TimeControl "40/5400+30:1800+30"]

1. e4 {[%emt 0:00:00]} e5 {[%emt 0:04:07]} 2. Nf3 {[%emt 0:00:00]} Nc6 {[%emt 0:00:04]} 3. Bb5 {[%emt 0:00:00]} a6 {[%emt 0:00:05]} 4. Ba4 {[%emt 0:00:00]} Nf6 {[%emt 0:00:05]} 5. Nc3 {[%emt 0:00:03]} b5 {[%emt 0:08:53]} 6. Bb3 {[%emt 0:00:01]} Be7 {[%emt 0:00:06]} 7. a4 {[%emt 0:00:14]} b4 {[%emt 0:01:54]} 8. Nd5 {[%emt 0:00:01]} O-O {[%emt 0:00:10]} 9. Nxf6+ {[%emt 0:00:03]} Bxf6 {[%emt 0:00:05]} 10. Bd5 {[%emt 0:00:02]} Rb8 {[%emt 0:00:58]} 11. Bxc6 {[%emt 0:02:03]} dxc6 {[%emt 0:00:05]} 12. b3 {[%emt 0:08:03]} Bg4 {[%emt 0:16:05]} 13. Bb2 {[%emt 0:16:49]} Bg5 {[%emt 0:01:04]} 14. d3 {[%emt 0:00:50]} f5 {[%emt 0:02:43]} 15. Qe2 {[%emt 0:31:37]} fxe4 {[%emt 0:01:27]} 16. Qxe4 {[%emt 0:00:05]} Bxf3 {[%emt 0:00:08]} 17. gxf3 {[%emt 0:00:01]} Bf4 {[%emt 0:00:21]} 18. Ke2 {[%emt 0:06:01]} Qd6 {[%emt 0:20:48]} 19. Rag1 {[%emt 0:04:02]} Rf6 {[%emt 0:01:57]} 20. Rg4 {[%emt 0:02:12]} Rg6 {[%emt 0:00:29]} 21. Rhg1 {[%emt 0:02:08]} Rxg4 {[%emt 0:00:07]} 22. Rxg4 {[%emt 0:00:04]} Rf8 {[%emt 0:09:18]} 23. Qc4+ {[%emt 0:07:55]} Qd5 {[%emt 0:05:45]} 24. Qxb4 {[%emt 0:02:15]} Bxh2 {[%emt 0:03:44]} 25. Re4 {[%emt 0:02:03]} Bf4 {[%emt 0:09:17]} 26. Qb7 {[%emt 0:02:02]} Qa5 {[%emt 0:04:47]} 27. Qxc6 {[%emt 0:02:53]} Qd2+ {[%emt 0:00:13]} 28. Kf1 {[%emt 0:00:00]} Rf6 {[%emt 0:07:11]} 29. Qd5+ {[%emt 0:01:59]} Kf8 {[%emt 0:00:20]} 30. Ba3+ {[%emt 0:00:21]} Ke8 {[%emt 0:00:03]} 31. Qg8+ {[%emt 0:00:14]} Kd7 {[%emt 0:00:06]} 32. Qxg7+ {[%emt 0:00:04]} Ke6 {[%emt 0:00:11]} 33. Qg8+ {[%emt 0:01:34]} Kd7 {[%emt 0:02:15]} 34. Qxh7+ {[%emt 0:00:22]} Ke6 {[%emt 0:00:05]} 35. Qe7+ {[%emt 0:02:25]} Kf5 {[%emt 0:00:07]} 36. Qd7+ {[%emt 0:00:26]} Kg6 {[%emt 0:01:19]} 37. Qg4+ {[%emt 0:06:51]} Kh7 {[%emt 0:00:03]} 38. Be7 {[%emt 0:02:32]} Rh6 {[%emt 0:01:40]} 39. Bh4 {[%emt 0:00:35]} Qd1+ {[%emt 0:00:24]} 40. Re1 {[%emt 0:00:02]} Qxc2 {[%emt 0:00:05]} 41. Qd7+ {[%emt 0:30:35]} Kg8 {[%emt 0:02:58]} 42. b4 {[%emt 0:00:00]} Rd6 {[%emt 0:00:48]} 43. Qe8+ {[%emt 0:00:00]} Kg7 {[%emt 0:00:16]} 44. Qe7+ {[%emt 0:00:00]} Kg8 {[%emt 0:01:00]} 45. Qe8+ {[%emt 0:00:00]} Kg7 {[%emt 0:00:05]} 46. Qe7+ {[%emt 0:00:00]} Kg8 {[%emt 0:00:03]} 47. Qe8+ {[%emt 0:00:00]} Kg7 {[%emt 0:00:06]} 1/2-1/2

[Event "34th Cannes Open 2020"]
[Site "Cannes"]
[Date "2020.02.23"]
[Round "9.1"]
[White "Gukesh D"]
[Black "Barseghyan, Harutyun"]
[Result "1-0"]
[WhiteElo "2542"]
[BlackElo "2448"]
[Annotator "TA"]
[PlyCount "99"]
[EventDate "2020.02.17"]
[EventType "swiss"]
[EventCountry "FRA"]
[SourceTitle "playchess.com"]
[Source "ChessBase"]
[SourceQuality "1"]

{[%evp 9,99,0,0,0,0,-8,0,0,0,0,0,0,0,-37,0,0,0,0,0,0,0,0,0,-8,12,-31,-31,-22,0,0,0,0,0,7,14,0,0,0,0,0,0,0,0,-22,-21,-12,0,0,26,-67,-17,-18,-12,-33,0,-125,-122,-131,-68,-279,-75,-64,-75,-286,-283,-265,-53,-141,143,145,244,258,259,249,255,251,604,595,570,563,758,708,615,344,325,333,958,1034,977,1002,951,931]} 1. c4 Nf6 2. Nc3 e5 3. g3 Bb4 4. e4 Bxc3 5. dxc3 d6 6. f3 {A22: English Opening: 1...e5 2 Nc3 Nf6.} a5 7. Nh3 Na6 8. Nf2 {The position is equal.} Nc5 9. Be3 Be6 10. Qc2 a4 11. f4 b6 12. f5 Bd7 13. Bg2 Qc8 14. O-O Qa6 15. Rfe1 Bc6 16. Bg5 Nfd7 17. Qe2 b5 18. cxb5 $1 Qxb5 19. c4 Qb7 20. Rab1 Rb8 21. Bd2 Qa6 22. g4 h6 23. h4 Rb6 24. Bf3 Qb7 25. Ba5 Ra6 26. Bc3 g6 27. Qe3 Rb6 28. Kh2 Kd8 29. Nh1 (29. h5 $11) 29... Qa6 (29... h5 $5 {[%cal Rh5g4]} 30. fxg6 fxg6 31. gxh5 gxh5 $11) 30. Ng3 Kc8 $36 {[%mdl 2048] Black is pushing.} (30... Qxc4 $2 31. Be2 $16) 31. Rf1 Rh7 ({Stronger than} 31... Qxc4 32. Be2 $16) 32. Rf2 (32. Qe2 $11) 32... Qxc4 $17 33. Rd1 Nf6 (33... g5 $17 34. h5 Rh8) 34. Be2 $2 (34. Bxe5 $1 $15 dxe5 35. Rc1) 34... Ncxe4 $2 (34... g5 $1 $19 {has better winning chances.} 35. Kh3 Qxa2) 35. fxg6 fxg6 36. Nxe4 $2 (36. Rxf6 $17 {was forced.} Nxf6 37. Qxb6 Qxe2+ 38. Nxe2 cxb6 39. Rxd6 Nxg4+ 40. Kg3) 36... Qxe4 $19 37. Qg3 Nd5 $2 (37... h5 $19 {[%cal Rf6g4]} 38. gxh5 Nxh5 39. Qg4+ Kb7 40. Qxe4 Bxe4) 38. Ba5 (38. Bd3 $15 Qe3 39. Ba5) 38... Ne3 $2 {[%mdl 8192] [#]} (38... Rxb2 $17 {and life is bright.} 39. Ba6+ {[%mdl 64] Discovered Attack} Bb7 40. Rxb2 Bxa6) 39. Re1 $1 $16 Rxb2 (39... Nc2 $16 {is a better defense.} 40. Ba6+ {[%mdl 64] Discovered Attack} Rxa6 41. Rxe4 Bxe4) 40. Ba6+ $18 {[%mdl 64] Discovered Attack} Kd8 41. Rxb2 Nxg4+ 42. Kh3 Qd5 $2 (42... Qd4) 43. Rb8+ ({Not} 43. Qxg4 Bd7 $17) 43... Ke7 {White must now prevent ...Rf7.} 44. Bxc7 Bd7 45. Bd8+ Kf7 46. Rb7 Ke8 {Hoping for ...Rf7.} 47. Bb6 {aiming for Rxd7!} Rf7 $2 {[#]} (47... h5 48. Rb8+ Kf7) 48. Rb8+ $1 {White is clearly winning.} ({Weaker is} 48. Rxd7 Rf3 $16) 48... Ke7 49. Bd8+ Kf8 50. Bf6+ {Accuracy: White = 72%, Black = 54%.} 1-0